Introduction to meetings, incentives, conventions, and exhibition (MICE) and special events for tourism and hospitality / (Record no. 2326)
[ view plain ]
| 000 -LEADER | |
|---|---|
| fixed length control field | 00663nam a2200169 4500 |
| 005 - DATE AND TIME OF LATEST TRANSACTION | |
| control field | 20240920074132.0 |
| 008 - FIXED-LENGTH DATA ELEMENTS--GENERAL INFORMATION | |
| fixed length control field | 240920b |||||||| |||| 00| 0 eng d |
| 020 ## - INTERNATIONAL STANDARD BOOK NUMBER | |
| International Standard Book Number | 978-621-409-190-4 |
| 082 ## - DEWEY DECIMAL CLASSIFICATION NUMBER | |
| Classification number | Fil. 394.2068 D611 2022 |
| 100 ## - MAIN ENTRY--PERSONAL NAME | |
| Personal name | Disimulacion, Maria Arlene T. |
| 245 ## - TITLE STATEMENT | |
| Title | Introduction to meetings, incentives, conventions, and exhibition (MICE) and special events for tourism and hospitality / |
| Statement of responsibility, etc. | Maria Arlene (Bam) Tuazon-Disimulacion |
| 260 ## - PUBLICATION, DISTRIBUTION, ETC. | |
| Place of publication, distribution, etc. | Mandaluyong City: |
| Name of publisher, distributor, etc. | Books Atbp. Publishing, |
| Date of publication, distribution, etc. | c2022 |
| 300 ## - PHYSICAL DESCRIPTION | |
| Extent | xii, 272p.: |
| Other physical details | ill. |
| 504 ## - BIBLIOGRAPHY, ETC. NOTE | |
| Bibliography, etc. note | Includes bibliographies |
| 541 ## - IMMEDIATE SOURCE OF ACQUISITION NOTE | |
| Accession number | 7603 c.1, 7604 c.2, 7605 c.3 |
| 650 ## - SUBJECT ADDED ENTRY--TOPICAL TERM | |
| Topical term or geographic name entry element | Special events - Management |
| Withdrawn status | Lost status | Source of classification or shelving scheme | Damaged status | Not for loan | Home library | Current library | Date acquired | Total Checkouts | Full call number | Barcode | Date last seen | Copy number | Price effective from | Koha item type |
|---|---|---|---|---|---|---|---|---|---|---|---|---|---|---|
| Dewey Decimal Classification | ctu-moalboal | ctu-moalboal | 01/12/2024 | Fil. 394.2068 D611 2022 | 7603 | 09/20/2024 | 1 | 09/20/2024 | Books-Filipiniana | |||||
| Dewey Decimal Classification | ctu-moalboal | ctu-moalboal | 01/12/2024 | Fil. 394.2068 D611 2022 | 7604 | 09/20/2024 | 2 | 09/20/2024 | Books-Filipiniana | |||||
| Dewey Decimal Classification | ctu-moalboal | ctu-moalboal | 01/12/2024 | Fil. 394.2068 D611 2022 | 7605 | 09/20/2024 | 3 | 09/20/2024 | Books-Filipiniana |